00985 a2200193 4500003000500000005001700005040000900022082001500031100003400046245005400080260002600134300002400160505036900184600003400553650003600587942002400623999001900647952012500666Nust20230131130219.0 cNust a808.83,PAR aC.Northcote Parkinson9108223 aThe law and the profits / cC.Northcote Parkinson aPenguinbLondonc1960 a172 pbillusc18 cm aParking Second Law (Page-11), Ancient and Modern (Page-24), The Tax on Income (Page-35), The Turning Point (Page-45), Recent History (Page-58), The Limits of Taxation (Page-69), The Avoidance of Tax (Page-80), Wasteful War (Page-94), The British Waste Line (Page-111), Waste Measurements (Page-128), The American Bust (Page-145), Profits Without Honour (Page-155). aC.Northcote Parkinson9108223 aThe law and the profits9108224 2ddccBKk808.83,PAR c185919d185919 00102ddc4070aMCSbMCScGENd2016-12-12o808.83,PARpMCS30208r2016-12-08w2016-12-12yBKzAlmirah No. 57, Shelf No.1